header

Plato and Aristotle (Record no. 4749)

MARC details
000 -LEADER
fixed length control field 01479nam a2200385 a 4500
082 04 - DEWEY DECIMAL CLASSIFICATION NUMBER
Classification number 184
100 1# - MAIN ENTRY--AUTHOR NAME
Personal name Voegelin, Eric,
245 10 - TITLE STATEMENT
Title Plato and Aristotle
250 ## - EDITION STATEMENT
Edition statement [New ed.] /
260 ## - PUBLICATION, DISTRIBUTION, ETC. (IMPRINT)
Place of publication Columbia, Mo. ;
-- London :
Name of publisher University of Missouri Press,
Year of publication c2000.
300 ## - PHYSICAL DESCRIPTION
Number of Pages x, 448 p.
490 0# - SERIES STATEMENT
Series statement The collected works of Eric Voegelin: order and history ;
500 ## - GENERAL NOTE
General note Previous ed.: Baton Rouge : Louisiana State University Press, 1957.
650 #0 - SUBJECT ADDED ENTRY--TOPICAL TERM
Topical Term Philosophy, Ancient.
700 1# - ADDED ENTRY--PERSONAL NAME
Personal name Germino, Dante L.
856 40 - ELECTRONIC LOCATION AND ACCESS
Uniform Resource Identifier http://site.ebrary.com/lib/rucke/Doc?id=10001749

No items available.

© 2026 Rongo University
Contact us: librarian | system librarian | Rongo university